000
00281nam a22001217a 4500
008
170905b xxu||||| |||| 00| 0 eng d
041
_a
eng
080
_2
2 ED
_a
070
100
_a
40
101
_a
MED
245
_a
DK GUIDE TO PUBLIC SPEAKING
_c
BROWN.L.A.F
942
_2
udc
_c
BK
999
_c
26177
_d
26177